Pokemon 3ème Génération - Statistiques

Statistiques générales
  • Ce quiz a été pris 57 fois
    53 depuis la dernière actualisation
  • Le résultat moyen est 95 sur 135
Statistiques - réponses
Hint Réponse % Correct
Feu/Combat Braségali
100%
Feu Poussifeu
100%
Plante Arcko
97%
Feu/Combat Galifeu
97%
Eau Gobou
97%
Sol Groudon
94%
Plante Jungko
94%
Eau Kyogre
94%
Plante Massko
94%
Dragon/Vol Rayquaza
94%
Eau/Sol Flobio
91%
Eau/Sol Laggron
88%
Plante/Vol Tropius
88%
Eau/Vol Goélise
85%
Normal/Vol Hélédelle
85%
Glace Regice
85%
Roche Regirock
85%
Plante/Ténèbres Tengalice
85%
Plante Balignon
82%
Eau/Vol Bekipan
82%
Psy Deoxys
82%
Dragon Draby
82%
Psy/Fée Gardevoir
82%
Plante Grainipiot
82%
Psy/Fée Kirlia
82%
Dragon/Psy Latias
82%
Dragon/Psy Latios
82%
Ténèbres Medhyèna
82%
Acier/Psy Métalosse
82%
Acier/Psy Métang
82%
Insecte/Poison Papinox
82%
Acier Registeel
82%
Plante/Combat Chapignon
79%
Dragon/Vol Drattak
79%
Ténèbres Grahyèna
79%
Acier/Psy Jirachi
79%
Sol Kraknoix
79%
Sol/Dragon Libégon
79%
Eau/Plante Lombre
79%
Eau/Plante Ludicolo
79%
Eau/Plante Nénupiot
79%
Normal/Vol Nirondelle
79%
Plante/Ténèbres Pifeuil
79%
Eau/Ténèbres Sharpedo
79%
Psy/Fée Tarsal
79%
Acier/Psy Terhal
79%
Normal Zigzaton
79%
Insecte Armulys
76%
Insecte Blindalys
76%
Insecte Chenipotte
76%
Acier/Roche Galeking
76%
Insecte/Spectre Munja
76%
Insecte/Vol Ninjask
76%
Dragon/Vol Altaria
74%
Feu/Sol Camérupt
74%
Feu/Sol Chamallot
74%
Insecte/Vol Charmillon
74%
Combat/Psy Charmina
74%
Dragon Drackhaus
74%
Acier/Roche Galekid
74%
Sol/Dragon Vibraninf
74%
Insecte/Eau Arakdo
71%
Eau/Ténèbres Carvanha
71%
Electrik Dynavolt
71%
Electrik Elecsprint
71%
Acier/Roche Galegon
71%
Glace/Eau Kaimorse
71%
Sol/Psy Kaorine
71%
Normal Linéon
71%
Normal Monaflèmit
71%
Electrik Négapi
71%
Normal Parecool
71%
Glace/Eau Phogleur
71%
Spectre Polichombr
71%
Electrik Posipi
71%
Roche/Psy Solaroc
71%
Glace Stalgamin
71%
Ténèbres/Spectre Ténéfix
71%
Normal/Vol Tylton
71%
Normal Vigoroth
71%
Eau Barpau
68%
Spectre Branette
68%
Combat Hariyama
68%
Insecte/Eau Maskadra
68%
Combat/Psy Méditikka
68%
Insecte/Sol Ningale
68%
Glace/Eau Obalie
68%
Glace Oniglali
68%
Roche/Psy Séléroc
68%
Sol/Psy Balbuto
65%
Normal Brouhabam
65%
Normal Chuchmur
65%
Combat Makuhita
65%
Eau Milobellus
65%
Poison Séviper
65%
Eau Wailmer
65%
Eau Wailord
65%
Roche/Insecte Armaldo
62%
Feu Chartor
62%
Normal Mangriff
62%
Eau/Roche Relicanth
62%
Spectre Skelénox
62%
Poison Avaltout
59%
Plante Cacnea
59%
Poison Gloupti
59%
Roche/Plante Lilia
59%
Insecte Muciole
59%
Spectre Téraclope
59%
Roche/Insecte Anorith
56%
Plante/Ténèbres Cacturne
56%
Normal Delcatty
56%
Acier/Fée Mysdibule
56%
Roche/Plante Vacilys
56%
Normal Ramboum
53%
Eau Rosabyss
53%
Plante/Poison Rosélia
53%
Eau Serpang
53%
Normal Skitty
53%
Normal/Fée Azurill
50%
Eau/Sol Barloche
50%
Eau/Ténèbres Colhomard
50%
Eau Coquiperl
50%
Eau Ecrapince
50%
Eau Lovdisc
50%
Insecte Lumivole
50%
Normal Spinda
50%
Roche Tarinor
50%
Ténèbres Absol
47%
Eau/Sol Barbicha
47%
Normal Morphéo
47%
Psy Groret
44%
Normal Kecleon
44%
Psy Spoink
44%
Psy Eoko
29%
Psy Okéoké
26%
Aucun quiz correspondant
Distribution des résultats
% des personnes avec chaque résultat
Percentile par nombre de réponses
Votre historique - résultats
Vous n’avez pas pris ce quiz depuis la dernière actualisation